Reflexiones sobre rondas campesinas, protesta rural y nuevos movimientos sociales. " Con los tanques todo barro"

Kaydedildi:
Detaylı Bibliyografya
Yazar: Starn, Orin
Müşterek Yazar: Instituto de Estudios Peruanos
Materyal Türü: Metin
Baskı/Yayın Bilgisi: Lima: IEP
Konular:
Etiketler: Etiketle
Etiket eklenmemiş, İlk siz ekleyin!

MARC

LEADER 00000 a a2200000 04500
001 27556
003
040
020 |a 84-89303-08-8  
090 |a 185700  
100 |a Starn, Orin  
110 |a Instituto de Estudios Peruanos  
245 |a Reflexiones sobre rondas campesinas, protesta rural y nuevos movimientos sociales. " Con los tanques todo barro"  
260 |a Lima:   |b IEP  
300 |a 88 p  
650 |a MOVIMIENTOS CAMPESINOS  
650 |a MOVIMIENTOS SOCIALES  
650 |a IDENTIDAD CULTURAL  
999 |c 11060  |d 11060